<?xml version="1.0" encoding="UTF-8"?><?xml-stylesheet type="text/xsl" href="static/style.xsl"?><OAI-PMH xmlns="http://www.openarchives.org/OAI/2.0/" xmlns:xsi="http://www.w3.org/2001/XMLSchema-instance" xsi:schemaLocation="http://www.openarchives.org/OAI/2.0/ http://www.openarchives.org/OAI/2.0/OAI-PMH.xsd"><responseDate>2026-04-27T20:23:26Z</responseDate><request verb="GetRecord" identifier="oai:uvadoc.uva.es:10324/69860" metadataPrefix="marc">https://uvadoc.uva.es/oai/request</request><GetRecord><record><header><identifier>oai:uvadoc.uva.es:10324/69860</identifier><datestamp>2025-03-26T19:45:09Z</datestamp><setSpec>com_10324_5460</setSpec><setSpec>com_10324_5186</setSpec><setSpec>com_10324_29291</setSpec><setSpec>col_10324_69856</setSpec></header><metadata><record xmlns="http://www.loc.gov/MARC21/slim" xmlns:doc="http://www.lyncode.com/xoai" xmlns:xsi="http://www.w3.org/2001/XMLSchema-instance" xmlns:dcterms="http://purl.org/dc/terms/" xsi:schemaLocation="http://www.loc.gov/MARC21/slim http://www.loc.gov/standards/marcxml/schema/MARC21slim.xsd">
<leader>00925njm 22002777a 4500</leader>
<datafield tag="042" ind1=" " ind2=" ">
<subfield code="a">dc</subfield>
</datafield>
<datafield tag="720" ind1=" " ind2=" ">
<subfield code="a">Escobar Borrego, Francisco Javier</subfield>
<subfield code="e">author</subfield>
</datafield>
<datafield tag="260" ind1=" " ind2=" ">
<subfield code="c">2024</subfield>
</datafield>
<datafield tag="520" ind1=" " ind2=" ">
<subfield code="a">Resumen: El presente estudio ofrece un análisis circunscrito a los ecos de Garcilaso de la Vega, Fernando de Herrera y fray Luis de León en la obra lírica de Pedro Laínez (1538-1584). Se analiza, asimismo, la influencia del Madrigal “Ojos claros, serenos” de Gutierre de Cetina en el imaginario del escritor madrileño en una confluencia e intersección de códigos entre el verso y el discurso musical. Como resultado, Laínez se sirve, en fin, de la hibridación de destacados modelos a partir de un ejercicio de imitación compuesta con el objeto de transitar diferentes caminos de expresión literaria hasta obtener su propia voz poética.</subfield>
</datafield>
<datafield tag="024" ind2=" " ind1="8">
<subfield code="a">Castilla. Estudios de Literatura; Núm. 15 (2024) pags. 248-277</subfield>
</datafield>
<datafield tag="024" ind2=" " ind1="8">
<subfield code="a">1989-7383</subfield>
</datafield>
<datafield tag="024" ind2=" " ind1="8">
<subfield code="a">https://uvadoc.uva.es/handle/10324/69860</subfield>
</datafield>
<datafield tag="024" ind2=" " ind1="8">
<subfield code="a">10.24197/cel.15.2024.248-277</subfield>
</datafield>
<datafield tag="024" ind2=" " ind1="8">
<subfield code="a">248</subfield>
</datafield>
<datafield tag="024" ind2=" " ind1="8">
<subfield code="a">15</subfield>
</datafield>
<datafield tag="024" ind2=" " ind1="8">
<subfield code="a">277</subfield>
</datafield>
<datafield ind1=" " ind2=" " tag="653">
<subfield code="a">Literatura</subfield>
</datafield>
<datafield tag="245" ind1="0" ind2="0">
<subfield code="a">Resonancias de Garcilaso y Herrera en el canto mélico de Laínez (con ecos de madrigal cetiniano)</subfield>
</datafield>
</record></metadata></record></GetRecord></OAI-PMH>